Flags of the original emojis - Statistics

General Stats
  • This quiz has been taken 43 times
  • The average score is 10 of 10
Answer Stats
Picture Answer % Correct
France
100%
Japan
100%
South Korea
100%
United States
100%
China
97%
Italy
97%
Spain
97%
United Kingdom
97%
Germany
93%
Russia
86%
No matching quizzes found
Score Distribution
Percent of People with Each Score
Percentile by Number Answered
Your Score History
You have not taken this quiz